Quiz sur le 9e arrondissement de Paris - Statistiques

Statistiques générales
  • Ce quiz a été pris 27 fois
    8 depuis la dernière actualisation
  • Le résultat moyen est 15 sur 20
Statistiques - réponses
Question Réponse % Correct
En réalité, le nom de l'arrondissement ne vient pas du bâtiment précédent mais de l'Académie nationale de musique, située à l'opéra Le Peletier. Pourquoi a-t-elle disparu ? Détruite par un incendie
100%
Quelle station de métro sur les lignes 8 et 9 portait le nom "Rue Montmartre" jusqu'en 1998, changé à cause des confusions des touristes avec la butte Montmartre située plus au nord ? Grands Boulevards
100%
À quelle "société secrète" est lié le Grand Orient de France, qui siège rue Cadet depuis 1853 ? La franc-maçonnerie
100%
Quel sport collectif a vu son premier match en France se jouer rue de Trévise, un an après son premier match public au Springfield College aux États-Unis ? Le basket-ball
100%
Nom de l'arrondissement Opéra
100%
Quel grand magasin, portant le nom d'une saison, se situe à proximité des Galeries Lafayette ? Printemps Haussmann
100%
Dans quel bâtiment historique, en complément de Bastille, se produit l'Opéra de Paris ? Au palais Garnier
86%
Quelle chanson de Jacques Brel, dont le nom rappelle une ville européenne, fut interprétée pour la première fois en 1964 à l'Olympia ? Amsterdam
86%
Quelle danseuse et résistante française panthéonisée, née aux États-Unis, fut la vedette de La Folie du Jour en 1927, spectacle des Folies Bergère ? Joséphine Baker
86%
Quel ministre de l'Instruction, occupant de l'hôtel Rochechouart, lança la grande réforme de l'enseignement en 1881, avec l'école publique gratuite, laïque et obligatoire jusqu'à 13 ans ? Jules Ferry
86%
Quel musée de cire abrite des statues de célébrités de taille réelle ? Le musée Grévin
86%
Quartiers administratifs Rochechouart
86%
Dans quel domaine est spécialisé Fragonard (originaire de Grasse), qui possède un musée au square de l'Opéra-Louis-Jouvet ? La parfumerie
71%
Quartiers administratifs Faubourg-Montmartre
57%
Quel compositeur romantique français, célèbre notamment pour Carmen, a vu ses obsèques célébrées à l’église de la Sainte-Trinité ? Georges Bizet
57%
Quelle banque, qui veut construire dans "un monde qui bouge", a son siège social sur l'avenue de Provence ? Le Crédit industriel et commercial (CIC)
57%
Quartiers administratifs Saint-Georges
57%
Quelle chaîne de restaurants populaire de cuisine française traditionnelle a ouvert son premier établissement au 7 rue du Faubourg-Montmartre ? {Bouillon} Chartier
43%
Quartiers administratifs Chaussée-d'Antin
43%
Quelle est la fonction principale de l'hôtel Drouot ? Ventes aux enchères
43%
Aucun quiz correspondant
Distribution des résultats
% des personnes avec chaque résultat
Percentile par nombre de réponses
Votre historique - résultats
Vous n’avez pas pris ce quiz depuis la dernière actualisation